Normal view
MARC view
- Minnis, B. J
Entry Personal Name
001 - CONTROL NUMBER
- control field: 73840
003 - CONTROL NUMBER IDENTIFIER
- control field: NUST
005 - DATE AND TIME OF LATEST TRANSACTION
- control field: 20210628205106.0
008 - FIXED-LENGTH DATA ELEMENTS
- fixed length control field: 210628|| aca||aabn | a|a d
040 ## - CATALOGING SOURCE
- Original cataloging agency: NUST
- Transcribing agency: NUST
100 ## - HEADING--PERSONAL NAME
- Personal name: Minnis, B. J
670 ## - SOURCE DATA FOUND
- Source citation: Work cat.: (NUST): Minnis, B. J, Designing microwave circuits by exact syntthesis, 1996
